Music Quiz

Random Music or Artist Quiz

Who's That with Chuck Berry? Quiz Stats

 Plays Quiz Updated Dec 27, 2017

Challenge
Share
Tweet
Score 0/22 Timer 06:00
5 Plays Today
% Correct
John Lennon
96.6%
Michael Jackson
95.5%
Bill Clinton
94.4%
Mick Jagger
94.3%
Donald Trump
91.3%
Jerry Lee Lewis & Ray Charles
90.9%
Jay Leno
90.8%
Placido Domingo, Angela Lansbury, Clint Eastwood & Mikhail Baryshnikov
87.8%
Bob Dylan & James Brown
87.1%
Bruce Springsteen
84.6%
Eric Clapton & Keith Richards
84.1%
% Correct
Bo Diddley & Little Richard
76.5%
Johnny Carson
75.3%
Paul Simon
67.6%
Elvis Costello
67.3%
Axl Rose
64.4%
Billy Joel
64%
Lorde
47.5%
Leonard Cohen
43.8%
Frankie Valli & The Four Seasons
36.1%
Peter Townshend
31.1%
Etta James
27%

You're not logged in!

Compare scores with friends on all Sporcle quizzes.
Join for Free
OR
Log In

You Might Also Like...

Show Comments

Extras

Top Quizzes Today


Score Distribution

Your Account Isn't Verified!

In order to create a playlist on Sporcle, you need to verify the email address you used during registration. Go to your Sporcle Settings to finish the process.

Report this User

Report this user for behavior that violates our Community Guidelines.

Details: